Biología 2 : los procesos de cambio en los sistemas biológicos :
Guardado en:
| Autor Principal: | |
|---|---|
| Otros Autores: | , , , , , |
| Formato: | Libro |
| Publicado: |
Buenos Aires :
Santillana,
2010
|
| Series: | Saber es clave
|
| Materias: | |
| Etiquetas: |
Agregar Etiqueta
Sin Etiquetas, Sea el primero en etiquetar este registro!
|
| LEADER | 01485nam a22003135a 4500 | ||
|---|---|---|---|
| 001 | CEM.cems013391 | ||
| 005 | 20100714132622.0 | ||
| 008 | 130507s2010##################000#0#####d | ||
| 003 | CEMS | ||
| 020 | |a 9789504622208 | ||
| 082 | 0 | 4 | |a Z574 |
| 100 | 1 | |a Mérega, Herminia | |
| 245 | 1 | 0 | |a Biología 2 : |b los procesos de cambio en los sistemas biológicos : |c Dirección de Herminia Mérega y Graciela Pérez de Lois |
| 260 | |a Buenos Aires : |b Santillana, |c 2010 | ||
| 300 | |a 240 p. | ||
| 490 | 0 | |a Saber es clave | |
| 500 | |a Para 2º año de Educación Secundaria Básica | ||
| 505 | 0 | |a La biodiversidad y su origen -- El camino hacia el concepto de evolución -- La selección natural y la adaptación de las especies -- El origen de las celulas -- La estructura celular -- De unicelulares a pluricelulares -- La función de reproducción: una mirada evolutiva -- La reproducción en plantas y animales -- La reproducción humana -- La herencia y los genes -- La selección artificial | |
| 653 | |a Biología | ||
| 653 | |a Biología-2º esb | ||
| 700 | 1 | |a Balbiano, Alejandro J. | |
| 700 | 1 | |a Barderi, María Gabriela | |
| 700 | 1 | |a Bombara, Nora B. | |
| 700 | 1 | |a Diez, Marcelo A. | |
| 700 | 1 | |a Ludica, Celia E. | |
| 700 | 1 | |a Otero, Pablo A. | |
| 859 | |a CEMS |b BIB. CEMS - 11 de abril |h Z574 |i M559 |p 25968.10 |t Ej.1 |v 2º |3 2º | ||
| 859 | |a CEMS |b BIB. CEMS - 11 de abril |h Z574 |i M559 |p 25969.10 |t Ej.2 |v 2º |3 2º | ||
| 859 | |a CEMS |b BIB. CEMS - 11 de abril |h Z574 |i M559 |p 25970.10 |t Ej.3 |v 2º |3 2º | ||
